000 00346nam a22001457a 4500
003 dpl
005 20230828122438.0
008 230828b |||||||| |||| 00| 0 eng d
040 _c-
082 _a621-COM
245 _aComputer Introduction
_hEnglish
260 _aA.I.C.B.
_bDelhi
_cRohini
300 _a12x13
_f1
942 _2ddc
_cBRLEN
_k621
_mCOM
999 _c197582
_d197582